| 000 | 00644nam a2200181 a 4500 | ||
|---|---|---|---|
| 008 | 120416s1972 ||||||||||||||||| || u | ||
| 020 | _a0706512405 | ||
| 050 | _aQC 320 Hea | ||
| 100 | _aLykov, A. V | ||
| 245 | 1 | 0 |
_aHeat and mass transfer in technological processes _cedited by A. V. Lykov |
| 260 |
_aJerusalem _bIsrael Program for Scientific Translation _c1972 |
||
| 300 | _av, 266p. | ||
| 350 | _a0.00 | ||
| 650 | 0 | _aPHYSICS | |
| 650 | _aMASS TRANSFER | ||
| 650 | _aHEAT TRANSFER | ||
| 995 |
_D0.00 _FCBU-MAIN LIBRARY (Kitwe) _H1 _I7.85 _M1 _UAVAILABLE _ZAnnex Low-Usage Collection |
||
| 999 |
_c45456 _d45456 |
||